Partial Differential Equations (Record no. 478362)

000 -LEADER
fixed length control field 00448nam a22001697a 4500
003 - CONTROL NUMBER IDENTIFIER
control field NUST
005 - DATE AND TIME OF LATEST TRANSACTION
control field 20180523054101.0
008 - FIXED-LENGTH DATA ELEMENTS--GENERAL INFORMATION
fixed length control field 180523b ||||| |||| 00| 0 eng d
020 ## - INTERNATIONAL STANDARD BOOK NUMBER
International Standard Book Number 0
038 ## - RECORD CONTENT LICENSOR
Staff Name SNS Library
082 ## - DEWEY DECIMAL CLASSIFICATION NUMBER
Classification number 515.353
100 ## - MAIN ENTRY--PERSONAL NAME
Personal name Lawrence C. Evans
9 (RLIN) 10471
245 ## - TITLE STATEMENT
Title Partial Differential Equations
Statement of responsibility, etc. Lawrence C. Evans
260 ## - PUBLICATION, DISTRIBUTION, ETC.
Place of publication, distribution, etc. USA
Name of publisher, distributor, etc. American Mathematical Society
Date of publication, distribution, etc. 2010
300 ## - PHYSICAL DESCRIPTION
Extent 662 p
Other physical details Hb.
942 ## - ADDED ENTRY ELEMENTS (KOHA)
Source of classification or shelving scheme
Koha item type Book
Holdings
Withdrawn status Lost status Source of classification or shelving scheme Damaged status Not for loan Permanent Location Current Location Date acquired Total Checkouts Full call number Barcode Checked out Date last seen Date last checked out Price effective from Koha item type
          School of Natural Sciences (SNS) School of Natural Sciences (SNS) 05/23/2018 1 515.353 SNS0002449 03/18/2026 02/16/2026 02/16/2026 05/23/2018 Book
© 2023 Central Library, National University of Sciences and Technology. All Rights Reserved.